| 000 | 00388nam a22001337a 4500 | ||
|---|---|---|---|
| 008 | 151012b xxu||||| |||| 00| 0 eng d | ||
| 020 | _a0786014083 | ||
| 050 | _aSPE HV 6533 .K3 2004 | ||
| 100 |
_aWiltz Sue. _d2004. |
||
| 245 | _aSlave Master/ | ||
| 260 |
_aUnited States: _bPinnacle Books, _c2004 |
||
| 300 | _a351p.: | ||
| 942 |
_2lcc _cSH_L_BOOKS _hSPE HV 6533 .K3 2004 |
||
| 999 |
_c8404 _d8404 |
||